Fixing Freddie : (Record no. 116267)

MARC details
000 -LEADER
fixed length control field 00707nam a2200229 i 4500
001 - CONTROL NUMBER
control field C2-0314955
003 - CONTROL NUMBER IDENTIFIER
control field PPAK
005 - DATE AND TIME OF LATEST TRANSACTION
control field 20200504110716.0
008 - FIXED-LENGTH DATA ELEMENTS--GENERAL INFORMATION
fixed length control field 120409s2010 xx |||| ||||| | eng d
020 ## - INTERNATIONAL STANDARD BOOK NUMBER
International Standard Book Number 978144050230
040 ## - CATALOGING SOURCE
Original cataloging agency PPAK
Language of cataloging eng
Transcribing agency PPAK
Description conventions rda
082 04 - DEWEY DECIMAL CLASSIFICATION NUMBER
Classification number 636.753
Edition number 23
090 00 - LOCALLY ASSIGNED LC-TYPE CALL NUMBER (OCLC); LOCAL CALL NUMBER (RLIN)
Classification number (OCLC) (R) ; Classification number, CALL (RLIN) (NR) 636.753
Feature heading MUN
Feature heading LCK
100 1# - MAIN ENTRY--PERSONAL NAME
Personal name Munier, Paula,
Relator term author
245 10 - TITLE STATEMENT
Title Fixing Freddie :
Remainder of title A TRUE story about a Boy, a Single Mom, and the Very Bad Beagle Who Saved Them /
Statement of responsibility, etc. Paula Munier
264 #1 - PRODUCTION, PUBLICATION, DISTRIBUTION, MANUFACTURE, AND COPYRIGHT NOTICE
Date of production, publication, distribution, manufacture, or copyright notice 2010
Place of production, publication, distribution, manufacture United States :
Name of producer, publisher, distributor, manufacturer Adams Media Corporation ,
300 ## - PHYSICAL DESCRIPTION
Extent 243 pages ;
Dimensions 22 cm
336 ## - CONTENT TYPE
Source rdacontent
Content type term text
337 ## - MEDIA TYPE
Source rdamedia
Media type term unmediated
338 ## - CARRIER TYPE
Source rdacarrier
Carrier type term volume
942 ## - ADDED ENTRY ELEMENTS (KOHA)
Koha item type Book
Source of classification or shelving scheme Dewey Decimal Classification
Holdings
Withdrawn Not for loan Current library Shelving location Date acquired Full call number Barcode Date last seen Koha item type
    Perpustakaan Alor Setar American Corner 09/04/2012 LCK 636.753 MUN A00863386 09/05/2018 Book